000 00749nas a2200229 4500
001 BR7906728
003 BR-BrBNA
005 20231205084002.0
007 ta
008 230509b bl.|||p| |||| 00| 00por d
040 _aBR-BrBNA
_bpor
_cBiblioteca Nacional de Agricultura
041 _a(Pt)
072 _aF50
100 1 _aAlberini, J.L.
100 1 _aMohan, T.
245 1 _aCarater altura basal longa: heranca e utilidade no melhoramento da arquitetura de planta em feijoeiro [Phaseolus vulgaris]
650 _aFEIJAO
650 _aESTATURA DE PLANTA
773 0 _tPesquisa Agropecuaria Brasileira (Brazil)
_xISSN 0100-204X
_g(Oct 1979), v. 14(4) p. 339-341
_wBR7906728
909 _a202311
_bLúcia
_c55
_dLúcia Elande
942 _2AGRIS
_n0
_cANA
999 _c102414
_d102414